000 00274nam a22001337a 4500
008 170612b xxu||||| |||| 00| 0 eng d
020 _a40671
041 _aeng
080 _a32
100 _a19
101 _aSHP
245 _aKARL MARX
_cBOTTOMORE, T.B
942 _2udc
_cBK
999 _c16853
_d16853